[Event "3rd FIDE WCCC Rapid U12 2019"]
[Site "Minsk"]
[Date "2019.08.17"]
[Round "9.6"]
[White "Abdullayev, Ayat"]
[Black "Mokhtari Moghadam, Taha"]
[Result "0-1"]
[WhiteElo "1537"]
[BlackElo "1745"]
[Annotator "NA"]
[PlyCount "80"]
[EventDate "2019.08.16"]
[EventType "swiss"]
[EventCountry "BLR"]
[SourceTitle "playchess.com"]
[Source "ChessBase"]
[SourceQuality "1"]
[TimeControl "600+5"]

1. e4 {[%emt 0:00:00]} c6 {[%emt 0:00:00]} 2. d4 {[%emt 0:00:00]} d5 {[%emt 0:00:00]} 3. exd5 {[%emt 0:00:00]} cxd5 {[%emt 0:00:00]} 4. Bd3 {[%emt 0:00:00]} Nc6 {[%emt 0:00:00]} 5. c3 {[%emt 0:00:00]} Nf6 {[%emt 0:00:01]} 6. Bf4 {[%emt 0:00:02]} Bg4 {[%emt 0:00:06]} 7. Qb3 {[%emt 0:00:02]} Qd7 {[%emt 0:00:04]} 8. Nd2 {[%emt 0:00:01]} e6 {[%emt 0:00:01]} 9. Ngf3 {[%emt 0:00:01]} Bd6 {[%emt 0:00:02]} 10. Bxd6 {[%emt 0:00:33]} Qxd6 {[%emt 0:00:02]} 11. O-O {[%emt 0:01:06]} O-O {[%emt 0:00:03]} 12. Rae1 {[%emt 0:00:13]} Nd7 {[%emt 0:00:29]} 13. Qd1 {[%emt 0:00:52]} h6 {[%emt 0:00:16]} 14. h3 {[%emt 0:00:34]} Bxf3 {[%emt 0:00:23]} 15. Nxf3 {[%emt 0:00:04]} Rab8 {[%emt 0:00:19]} 16. Qe2 {[%emt 0:00:18]} Rfd8 {[%emt 0:02:24]} 17. Ne5 {[%emt 0:00:13]} Ncxe5 {[%emt 0:00:25]} 18. dxe5 {[%emt 0:00:05]} Qe7 {[%emt 0:00:02]} 19. Bb1 {[%emt 0:00:25]} b5 {[%emt 0:00:24]} 20. Qd3 {[%emt 0:00:24]} Nf8 {[%emt 0:00:02]} 21. f4 {[%emt 0:01:17]} g6 {[%emt 0:01:19]} 22. g4 {[%emt 0:00:40]} Qc5+ {[%emt 0:00:06]} 23. Kh1 {[%emt 0:00:11]} d4 {[%emt 0:00:27]} 24. cxd4 {[%emt 0:00:20]} Qxd4 {[%emt 0:00:03]} 25. Qg3 {[%emt 0:00:40]} Rbc8 {[%emt 0:02:06]} 26. f5 {[%emt 0:00:27]} Qxb2 {[%emt 0:00:10]} 27. Qh4 {[%emt 0:00:37]} Rd2 {[%emt 0:00:26]} 28. Qg3 {[%emt 0:00:59]} Rc3 {[%emt 0:00:22]} 29. Rf3 {[%emt 0:00:06]} Rc1 {[%emt 0:00:59]} 30. Rff1 {[%emt 0:00:42]} Rc3 {[%emt 0:00:03]} 31. Rf3 {[%emt 0:00:01]} Rxf3 {[%emt 0:00:01]} 32. Qxf3 {[%emt 0:00:02]} Rf2 {[%emt 0:00:04]} 33. Qg3 {[%emt 0:00:11]} Qd2 {[%emt 0:00:11]} 34. Rg1 {[%emt 0:00:12]} Qd5+ {[%emt 0:00:05]} 35. Rg2 {[%emt 0:00:08]} Rf1+ {[%emt 0:00:02]} 36. Kh2 {[%emt 0:00:02]} Rxb1 {[%emt 0:00:02]} 37. f6 {[%emt 0:00:34]} Qd1 {[%emt 0:00:38]} 38. Rg1 {[%emt 0:00:07]} Qxg1+ {[%emt 0:00:02]} 39. Qxg1 {[%emt 0:00:02]} Rxg1 {[%emt 0:00:00]} 40. Kxg1 {[%emt 0:00:02]} Nd7 {[%emt 0:00:01]} 0-1